| 000 | 00755nam a2200253 i 4500 | ||
|---|---|---|---|
| 001 | bg | ||
| 003 | BPK | ||
| 005 | 20220527134911.0 | ||
| 008 | 981103s1986 pl a |000 0 pol | ||
| 015 | _aPB 1986/6253 | ||
| 020 | _a8320203619 | ||
| 040 |
_aWA N _cBPK |
||
| 041 | 0 | _apol | |
| 080 | _a612.6 | ||
| 080 | _a613.88 | ||
| 100 | 1 |
_aLew-Starowicz, Zbigniew _d(1943- ). |
|
| 245 | 1 | 0 |
_aSeks dla każdego / _cZbigniew Lew-Starowicz. |
| 250 | _a[Wyd. 2]. | ||
| 260 |
_aWarszawa : _bInstytut Wydawniczy Związków Zawodowych, _c1986. |
||
| 300 |
_a342, [2] s. : _brys. ; _c20 cm. |
||
| 650 | 4 | _aŻycie seksualne | |
| 856 |
_uhttp://koha.tu.koszalin.pl/cgi-bin/koha/opac-detail.pl?biblionumber=3041 _yKatalog online BPK |
||
| 942 |
_2UKD _cKS |
||
| 999 |
_c3041 _d3041 |
||